000 00301nam a22001457a 4500
008 210301b ||||| |||| 00| 0 eng d
020 _a9780070696099
041 _aeng
080 _a610
082 _a610
100 _a1
101 _aINF
245 _aPrimary Care
_cWeiss, B.D
942 _2udc
_cBK
999 _c55375
_d55375